Les pseudonymes - Statistiques

Statistiques générales
  • Ce quiz a été pris 99 fois
    76 depuis la dernière actualisation
  • Le résultat moyen est 30 sur 60
Statistiques - réponses
Question Réponse % Correct
Jean-Baptiste Poquelin Molière
100%
Catherine Dorléac Catherine Deneuve
88%
Georges Remi Hergé
88%
Norma Jeane Mortensen Marylin Monroe
88%
Jacques Essebag Arthur
75%
André Robert Raimbourg Bourvil
75%
Frédérique Hoschedé Dorothée
75%
Reginald Kenneth Dwight Elton John
75%
Fernand Joseph Désiré Contandin Fernandel
75%
Pierre Garand Garou
75%
Aurore Dupin George Sand
75%
Karine Mfayokurera Karine Le Marchand
75%
Lara Crockaert Lara Fabian
75%
Louis Ferdinand Destouches Louis Ferdinand Céline
75%
Mireille Aigroz Mireille Darc
75%
Nicholas Kim Coppola Nicolas Cage
75%
Bruno Lassalle Bruno Solo
63%
Frank James Cooper Gary Cooper
63%
Stefanie Germanotta Lady Gaga
63%
Moische Zakharovich Shagalov Marc Chagall
63%
Sylvette Herry Miou-miou
63%
Félix Tournachon Nadar
63%
Henriette Rosine Bernard Sarah Bernhardt
63%
Paul Bernard Tristan Bernard
63%
Émile Chartier Alain
50%
Léonie Bathiat Arletty
50%
Bernard Dumont Bédu
50%
Claude Dhotel C. Jérôme
50%
Geneviève Mulmann Geneviève de Fontenay
50%
Cheung Kwok-Wing Jackie Chan
50%
Charles-Édouard Jeanneret-Gris Le Corbusier
50%
Marguerite Cleenewerck de Crayencour Marguerite Yourcenar
50%
Richard Benguigui Richard Berry
50%
Mario Girotti Terence Hill
50%
Véronique Combouilhaud Véronique Genest
50%
Allan Stewart Konigsberg Woody Allen
50%
André Gosset de Guines André Gill
38%
Anne Bourguignon Anémone
38%
Archibald Alexander Leach Cary Grant
38%
Charles Dennis Buchinski Charles Bronson
38%
Claude Joséphine Rose Cardin Claudia Cardinale
38%
Lev Aslanovitch Tarassov Henri Troyat
38%
Frances Ethel Gumm Judy Garland
38%
Lászlo Matekovics Lorànt Deutsch
38%
Emmanuel Radnitszky Man Ray
38%
Richard Walter Jenkins Jr Richard Burton
38%
Françoise Dreyfus Anouk Aimée
25%
Julius Ullman Douglas Fairbanks
25%
Joseph Crampes Jacques Chancel
25%
Marc Tellenne Karl Zéro
25%
Issur Danielovitch Demsky Kirk Douglas
25%
Michael John Douglas Michael Landon
25%
Patrick Bourdeau Patrick Dewaere
25%
Pierre Culliford Peyo
25%
Thomas Lanier Tennessee Williams
25%
Alexandre Brachlianoff Alexandre Arcady
13%
Gyula Halász Brassaï
13%
Gilbert Léopold Silly Gilbert Bécaud
13%
Betty Joan Perske Lauren Bacall
0%
Bernard Schwartz Tony Curtiss
0%
Aucun quiz correspondant
Distribution des résultats
% des personnes avec chaque résultat
Percentile par nombre de réponses
Votre historique - résultats
Vous n’avez pas pris ce quiz depuis la dernière actualisation